000 00676cam a2200229ua 4500
005 20211005114531.0
008 170907n ii |||gr||||Z||||||asm
040 _cMAIN
_aIN-DiNC
041 _dasm
082 _a330.954
_bCHA
100 _aChaudhury, Rabindra Kumar,
_eauthor
245 _aBharatar arthanitik bikash (class XI)/
_cby Rabindra Kumar Chaudhury and Susmita Priyadarshini
250 _a1st.
260 _aGuwahati:
_bArun,
_c2010.
300 _a272p.
650 _aIndian economic development
650 _aEconomics for class XI
653 _aEconomics
653 _aIndian economic system
700 _aPriyadarshani, Susmita,
_eauthor
942 _cBK
_2ddc
999 _c7490
_d7490